00371nam a2200145Ia 4500003000400000008004100004020002500045040000800070100001900078245003700097260002300134300000800157365001300165440004700178LDD181029s9999 xx 000 0 und d a1412901502cP 525.00 cLDD aAthinson, Paul 0aNarrative MethodscPaul Athinson aLondonbSagec2006 a4v. bP 525.00 aSage Benchmarks in Social Research Methods